<?xml version="1.0" encoding="UTF-8"?>
<record
    xmlns:xsi="http://www.w3.org/2001/XMLSchema-instance"
    xsi:schemaLocation="http://www.loc.gov/MARC21/slim http://www.loc.gov/standards/marcxml/schema/MARC21slim.xsd"
    xmlns="http://www.loc.gov/MARC21/slim">

  <leader>01258nam a2200289 i 4500</leader>
  <controlfield tag="001">187606</controlfield>
  <controlfield tag="003">ES-MaACL</controlfield>
  <controlfield tag="005">20250725232726.0</controlfield>
  <controlfield tag="008">171207s1986    sp a         |||| | spa d</controlfield>
  <datafield tag="020" ind1=" " ind2=" ">
    <subfield code="a">84-86163-45-5</subfield>
  </datafield>
  <datafield tag="080" ind1=" " ind2=" ">
    <subfield code="a">860-14"14/15"(082.2)</subfield>
  </datafield>
  <datafield tag="245" ind1="0" ind2="0">
    <subfield code="a">Cancionero de poes&#xED;as varias </subfield>
    <subfield code="b">: manuscrito n&#xBA; 617 de la Biblioteca Real de Madrid / </subfield>
    <subfield code="c">edici&#xF3;n, pr&#xF3;logo, notas e &#xED;ndices de Jos&#xE9; J. Labrador, C. &#xC1;ngel Zorita, Ralph A. di Franco.</subfield>
  </datafield>
  <datafield tag="260" ind1=" " ind2=" ">
    <subfield code="a">Madrid : </subfield>
    <subfield code="b">El Crotal&#xF3;n, </subfield>
    <subfield code="c">1986.</subfield>
  </datafield>
  <datafield tag="300" ind1=" " ind2=" ">
    <subfield code="a">XL, 667 p. : </subfield>
    <subfield code="b">il. ; </subfield>
    <subfield code="c">23 cm.</subfield>
  </datafield>
  <datafield tag="490" ind1="1" ind2=" ">
    <subfield code="a">Anejos del Anuario de filolog&#xED;a espa&#xF1;ola de El crotal&#xF3;n. Textos ;</subfield>
    <subfield code="v">2</subfield>
  </datafield>
  <datafield tag="504" ind1=" " ind2=" ">
    <subfield code="a">Bibliograf&#xED;a: p. 605-619.</subfield>
  </datafield>
  <datafield tag="650" ind1=" " ind2="4">
    <subfield code="a">Poes&#xED;as espa&#xF1;olas-</subfield>
    <subfield code="y">Hasta S.XV.</subfield>
    <subfield code="9">152332</subfield>
  </datafield>
  <datafield tag="650" ind1=" " ind2="4">
    <subfield code="a">Poes&#xED;as espa&#xF1;olas-</subfield>
    <subfield code="y">S.XVI-XVII</subfield>
    <subfield code="9">16219</subfield>
  </datafield>
  <datafield tag="700" ind1="1" ind2=" ">
    <subfield code="a">Labrador Herraiz, Jos&#xE9; J.</subfield>
    <subfield code="9">69288</subfield>
  </datafield>
  <datafield tag="700" ind1="1" ind2=" ">
    <subfield code="a">Zorita, C. &#xC1;ngel.</subfield>
    <subfield code="9">163895</subfield>
  </datafield>
  <datafield tag="700" ind1="0" ind2=" ">
    <subfield code="a">DiFranco, Ralph A.</subfield>
    <subfield code="9">44793</subfield>
  </datafield>
  <datafield tag="830" ind1="0" ind2=" ">
    <subfield code="a">Anejos del Anuario de filolog&#xED;a espa&#xF1;ola de El crotal&#xF3;n. Textos ;</subfield>
    <subfield code="v">2</subfield>
    <subfield code="9">225582</subfield>
  </datafield>
  <datafield tag="852" ind1=" " ind2=" ">
    <subfield code="a">ES-MaACL</subfield>
    <subfield code="j">A-14049</subfield>
    <subfield code="9">194692</subfield>
    <subfield code="b">R.151056</subfield>
    <subfield code="c">DEPO1</subfield>
    <subfield code="d">Olim: N-7049</subfield>
    <subfield code="h">Donaci&#xF3;n: Jos&#xE9; J. Labrador Herraiz</subfield>
  </datafield>
  <datafield tag="903" ind1=" " ind2=" ">
    <subfield code="9">69288</subfield>
    <subfield code="a">Labrador Herraiz, Jos&#xE9; J.</subfield>
    <subfield code="e">dnr</subfield>
  </datafield>
  <datafield tag="942" ind1=" " ind2=" ">
    <subfield code="2">udc</subfield>
    <subfield code="c">MONOGRAFIA</subfield>
  </datafield>
  <datafield tag="999" ind1=" " ind2=" ">
    <subfield code="c">187606</subfield>
    <subfield code="d">187606</subfield>
  </datafield>
  <datafield tag="952" ind1=" " ind2=" ">
    <subfield code="0">0</subfield>
    <subfield code="1">0</subfield>
    <subfield code="2">udc</subfield>
    <subfield code="4">0</subfield>
    <subfield code="7">0</subfield>
    <subfield code="a">ATENEOM</subfield>
    <subfield code="b">ATENEOM</subfield>
    <subfield code="c">DEPO1</subfield>
    <subfield code="d">2018-08-09</subfield>
    <subfield code="e">DONACION</subfield>
    <subfield code="l">0</subfield>
    <subfield code="o">A-14049</subfield>
    <subfield code="p">1199221</subfield>
    <subfield code="r">2023-02-23 00:00:00</subfield>
    <subfield code="w">2023-02-23</subfield>
    <subfield code="y">MONOGRAFIA</subfield>
  </datafield>
</record>
